<?xml version="1.0" encoding="UTF-8"?>
<marc:record xmlns:marc="http://www.loc.gov/MARC21/slim">
   <marc:leader>00000nam a2200000 a 4500</marc:leader>
   <marc:datafield ind1="1" ind2=" " tag="100">
      <marc:subfield code="a">Becker, Manfred</marc:subfield>
      <marc:subfield code="4">aut</marc:subfield>
      <marc:subfield code="e">Verfasser/-in</marc:subfield>
   </marc:datafield>
   <marc:datafield ind1=" " ind2=" " tag="653">
      <marc:subfield code="a">Personalentwicklung</marc:subfield>
   </marc:datafield>
   <marc:datafield ind1=" " ind2=" " tag="653">
      <marc:subfield code="a">insbesondere mit Vertiefung Personalwesen; Dozenten an Fachhochschulen</marc:subfield>
   </marc:datafield>
   <marc:datafield ind1=" " ind2=" " tag="653">
      <marc:subfield code="a">Universitäten und Weiterbildungsinstituten; Personal-Praktiker: Fach- und Führungskräfte in den Abteilungen Personalwesen/HR-Management</marc:subfield>
   </marc:datafield>
   <marc:datafield ind1=" " ind2=" " tag="653">
      <marc:subfield code="a">Personalentwicklung und Organisationsentwicklung; Trainer und Berater</marc:subfield>
   </marc:datafield>
   <marc:datafield ind1=" " ind2=" " tag="653">
      <marc:subfield code="a">Softcover / Wirtschaft/Betriebswirtschaft</marc:subfield>
   </marc:datafield>
   <marc:datafield ind1="0" ind2="0" tag="245">
      <marc:subfield code="a">Personalentwicklung</marc:subfield>
   </marc:datafield>
   <marc:datafield ind1="0" ind2="0" tag="245">
      <marc:subfield code="b">Bildung, Förderung und Organisationsentwicklung in Theorie und Praxis</marc:subfield>
   </marc:datafield>
   <marc:datafield ind1="0" ind2="0" tag="245">
      <marc:subfield code="c">Manfred Becker</marc:subfield>
   </marc:datafield>
   <marc:datafield ind1=" " ind2="1" tag="264">
      <marc:subfield code="a">Stuttgart</marc:subfield>
      <marc:subfield code="b">Schäffer-Poeschel</marc:subfield>
      <marc:subfield code="c">2013</marc:subfield>
   </marc:datafield>
   <marc:datafield ind1=" " ind2=" " tag="250">
      <marc:subfield code="a">6., überarb. und aktualisierte Aufl.</marc:subfield>
   </marc:datafield>
   <marc:datafield ind1="1" ind2=" " tag="520">
      <marc:subfield code="a">Angaben aus der Verlagsmeldung

Personalentwicklung : Bildung, Förderung und Organisationsentwicklung in Theorie und Praxis Becker; 6.A. Personalentwicklung / von Manfred Becker

Wettbewerbsfaktor Personal. Um konkurrenzfähig zu bleiben, müssen Unternehmen und Verwaltungen das Leistungspotenzial ihrer Mitarbeiter optimal ausschöpfen. Doch wie wird eine theoretisch, konzeptionell, inhaltlich und methodisch ausgereifte Personalentwicklung für Mitarbeiter aller Ebenen gestaltet und umgesetzt? Das Standardlehrbuch gibt präzise und anwendungsorientiert Auskunft. Mit aktuellen Themen für eine zeitgemäße und wettbewerbsfähige Personalentwicklung.
</marc:subfield>
   </marc:datafield>
   <marc:datafield ind1=" " ind2=" " tag="020">
      <marc:subfield code="a">9783791032436</marc:subfield>
      <marc:subfield code="9">9783791032436</marc:subfield>
   </marc:datafield>
   <marc:datafield ind1=" " ind2=" " tag="020">
      <marc:subfield code="a">3791032437</marc:subfield>
      <marc:subfield code="9">3791032437</marc:subfield>
   </marc:datafield>
   <marc:datafield ind1=" " ind2=" " tag="041">
      <marc:subfield code="a">ger</marc:subfield>
   </marc:datafield>
   <marc:datafield ind1=" " ind2=" " tag="300">
      <marc:subfield code="a">XXXII, 1003 S.</marc:subfield>
   </marc:datafield>
</marc:record>
